[Event "Spring Tournament 2015"]
[Site "SchemingMind.com"]
[Date "2015.02.12"]
[Round "-"]
[White "Mitch The Man"]
[Black "Phillip Beckett"]
[Result "1/2-1/2"]
[WhiteCountry "USA"]
[BlackCountry "ENG"]
[WhiteElo "1440"]
[WhiteRD "65"]
[BlackElo "1566"]
[BlackRD "46"]
[GameID "374620"]

1. e4 e5 2. Nf3 Nc6 3. Bc4 Nf6 4. d3 Be7 5. O-O d6 6. h3 h6 7. a3 O-O 8. b4 Nh7 9. Bb2 Ng5 10. Bc1 Nxf3+
11. Qxf3 Nd4 12. Qd1 Bg5 13. Bxg5 Qxg5 14. Nd2 Bxh3 15. g3 Bxf1 16. Nxf1 Kh8 17. c3 Ne6 18. Qf3 c6 19. Qg2 Qg6 20. Bxe6 fxe6
21. Rd1 Qg4 22. Rd2 Rf3 23. Nh2 Rxg3 24. fxg3 Qg6 25. Nf3 Rf8 26. a4 Qf7 27. Rf2 Qe7 28. Nh4 Rxf2 29. Qxf2 Kg8 30. Ng6 Qe8
31. Nh4 Qe7 32. a5 d5 33. Qxa7 Qg5 34. Qb8+ Kh7 35. Qxb7 Qc1+ 36. Kh2 Qd2+ 37. Kh3 Qe2 38. Qf7 h5 39. Qg6+=
1/2-1/2

[Event "Spring Tournament 2015"]
[Site "SchemingMind.com"]
[Date "2015.02.12"]
[Round "-"]
[White "Phillip Beckett"]
[Black "Mitch The Man"]
[Result "1-0"]
[WhiteCountry "ENG"]
[BlackCountry "USA"]
[WhiteElo "1566"]
[WhiteRD "46"]
[BlackElo "1440"]
[BlackRD "65"]
[GameID "374621"]

1. e4 e5 2. Nf3 d6 3. d4 Qe7 4. dxe5 dxe5 5. Qd5 f6 6. Nc3 c6 7. Qd1 Bg4 8. Be2 Bxf3 9. Bxf3 Nd7 10. O-O O-O-O
11. Be3 Nb6 12. Qe2 Kb8 13. Rad1 Rxd1 14. Rxd1 Qc7 15. Bxb6 axb6 16. Qd3 Bd6 17. Qxd6 Qxd6 18. Rxd6 Kc7 19. Rd1 Ne7 20. a3 h5
21. g3 g6 22. Bg2 b5 23. Na2 b6 24. Nb4 Nc8 25. Rc1 Rd8 26. c4 bxc4 27. Rxc4 Rd1+ 28. Bf1 c5 29. Nd5+ Kc6 30. Ne3 Rd4
31. Rxd4 cxd4 32. Nc4 Nd6 33. Nxd6 Kxd6 34. Bd3 Kc5 35. b3 b5 36. Kf1 g5 37. Ke2 h4 38. Kd2 Kb6 39. gxh4 gxh4 40. Ke2 Ka5
41. Kf3
1-0

[Event "Spring Tournament 2015"]
[Site "SchemingMind.com"]
[Date "2015.02.11"]
[Round "-"]
[White "Phillip Beckett"]
[Black "Scooter"]
[Result "0-1"]
[WhiteCountry "ENG"]
[BlackCountry "USA"]
[WhiteElo "1541"]
[WhiteRD "49"]
[BlackElo "1731"]
[BlackRD "44"]
[GameID "374622"]

1. e4 c6 2. d4 d5 3. Nc3 dxe4 4. Nxe4 Bf5 5. Ng3 Bg6 6. Nf3 Nd7 7. c3 Qc7 8. Bd3 Bxd3 9. Qxd3 O-O-O 10. O-O Ngf6
11. Bg5 h6 12. Be3 e6 13. b4 Bd6 14. Ne4 Nxe4 15. Qxe4 Nf6 16. Qc2 Bf4 17. a4 Ng4 18. Bxf4 Qxf4 19. h3 Nf6 20. b5 cxb5
21. axb5 Qb8 22. Qa4 b6 23. Ne5 Rhf8 24. Nc6 Qc7 25. Nxd8 Rxd8 26. Qxa7 Nd5 27. Qxc7+ Nxc7 28. Rfd1 Nxb5 29. Ra8+ Kc7 30. c4 Rxa8
31. cxb5 Kd6 32. f3 Kd5 33. Kf2 Ra2+ 34. Ke3 Rxg2
0-1

[Event "Spring Tournament 2015"]
[Site "SchemingMind.com"]
[Date "2015.02.11"]
[Round "-"]
[White "Scooter"]
[Black "Phillip Beckett"]
[Result "1-0"]
[WhiteCountry "USA"]
[BlackCountry "ENG"]
[WhiteElo "1731"]
[WhiteRD "44"]
[BlackElo "1541"]
[BlackRD "49"]
[GameID "374623"]

1. d4 d5 2. Nf3 Nf6 3. Bf4 e6 4. e3 c5 5. c3 Nc6 6. Bb5 a6 7. Bd3 cxd4 8. cxd4 Bd7 9. O-O Be7 10. a3 O-O
11. Nbd2 Rc8 12. Rc1 Na7 13. Ng5 h6 14. Ngf3 Bb5 15. Bxb5 Nxb5 16. Ne5 Nd7 17. Nxd7 Qxd7 18. Qg4 Kh7 19. Nf3 Bf6 20. Ne5 Bxe5
21. Bxe5 f6 22. Bg3 f5 23. Qf3 Rxc1 24. Rxc1 Rc8 25. Qd1 g5 26. h3 Nd6 27. Rxc8 Qxc8 28. Bxd6
1-0

[Event "Spring Tournament 2015"]
[Site "SchemingMind.com"]
[Date "2015.02.11"]
[Round "-"]
[White "Phillip Beckett"]
[Black "fanfan_la_Tulipe"]
[Result "0-1"]
[WhiteCountry "ENG"]
[BlackCountry "AUT"]
[WhiteElo "1608"]
[WhiteRD "48"]
[BlackElo "2078"]
[BlackRD "74"]
[GameID "374624"]

1. e4 e5 2. Nf3 Nc6 3. Bb5 a6 4. Bxc6 dxc6 5. d4 exd4 6. Qxd4 Qxd4 7. Nxd4 Bd7 8. Be3 O-O-O 9. Nd2 Ne7 10. f3 Ng6
11. O-O-O Be7 12. N2b3 Rhe8 13. Rhe1 Ne5 14. Bg1 Nc4 15. Kb1 g6 16. Ne2 b6 17. Nd2 Na5 18. Nb3 Nxb3 19. axb3 c5 20. Nf4 c6
21. Bf2 Bf6 22. Nd3 Kb7 23. Nf4 Be5 24. g3 h5 25. Nd3 Bg7 26. Nc1 Be6 27. c4 Bd4 28. Bxd4 cxd4 29. Ne2 c5 30. Nf4 b5
31. Nd5 bxc4 32. bxc4 Rb8 33. Rd3 Bxd5 34. cxd5 Kc7 35. Rc1 Kd6 36. Ka2 Rb6 37. Rc4 f5 38. b4 Rxb4 39. Rxb4 cxb4 40. Rxd4 Kc5
41. Rd1 fxe4 42. fxe4 Rxe4 43. d6 Re8 44. d7 Rd8 45. Kb3 a5 46. Ka4 Kc6 47. Kxa5 b3 48. Rb1 Rxd7 49. Rxb3 Ra7+ 50. Kb4 Rb7+
51. Kc4 Rxb3 52. Kxb3 Kd5 53. Kc3 Ke4 54. Kd2 Kf3 55. Ke1 Kg2 56. Ke2 Kxh2 57. Kf3 g5 58. Kf2 g4 59. Kf1 Kxg3 60. Kg1 h4
61. Kh1 Kf2 62. Kh2 g3+
0-1

[Event "Spring Tournament 2015"]
[Site "SchemingMind.com"]
[Date "2015.02.11"]
[Round "-"]
[White "fanfan_la_Tulipe"]
[Black "Phillip Beckett"]
[Result "1-0"]
[WhiteCountry "AUT"]
[BlackCountry "ENG"]
[WhiteElo "2104"]
[WhiteRD "74"]
[BlackElo "1541"]
[BlackRD "49"]
[GameID "374625"]

1. d4 d5 2. c4 e6 3. Nc3 Nf6 4. cxd5 Nxd5 5. Nf3 Nxc3 6. bxc3 c5 7. e4 cxd4 8. cxd4 Bb4+ 9. Bd2 Qa5 10. Be2 Bxd2+
11. Qxd2 Qxd2+ 12. Kxd2 Nc6 13. Rhc1 Bd7 14. Rab1 O-O 15. Rxb7 Be8 16. Rc7 Nb4 17. a3 Na6 18. Bxa6
1-0

[Event "Spring Tournament 2015"]
[Site "SchemingMind.com"]
[Date "2015.02.11"]
[Round "-"]
[White "Phillip Beckett"]
[Black "Stephen Woodhouse"]
[Result "0-1"]
[WhiteCountry "ENG"]
[BlackCountry "ENG"]
[WhiteElo "1541"]
[WhiteRD "49"]
[BlackElo "1883"]
[BlackRD "48"]
[GameID "374626"]

1. e4 e6 2. d4 d5 3. Nd2 c5 4. exd5 Qxd5 5. Ngf3 Nf6 6. Bc4 Qc6 7. O-O Bd6 8. dxc5 Bxc5 9. Qe2 Nbd7 10. Nb3 Bd6
11. Bb5 Qc7 12. c3 O-O 13. Bd3 Ne5 14. Nxe5 Bxe5 15. Bg5 h6 16. Bxf6 Bxf6 17. Qe4 g6 18. f4 Bd7 19. Rad1 Bc6 20. Qe2 Kg7
21. Be4 Rfd8 22. Bxc6 Qxc6 23. Rxd8 Rxd8 24. Rd1 Rxd1+ 25. Qxd1 Qa4 26. Qb1 Qxf4 27. g3 Qf3 28. Qe1 Bg5 29. Qe5+ Kh7 30. h4 Be3+
31. Kh2 Qf2+ 32. Kh3 Qf1+ 33. Kg4 h5+
0-1

[Event "Spring Tournament 2015"]
[Site "SchemingMind.com"]
[Date "2015.02.11"]
[Round "-"]
[White "Stephen Woodhouse"]
[Black "Phillip Beckett"]
[Result "1-0"]
[WhiteCountry "ENG"]
[BlackCountry "ENG"]
[WhiteElo "1883"]
[WhiteRD "48"]
[BlackElo "1541"]
[BlackRD "49"]
[GameID "374627"]

1. e4 e5 2. Nf3 Nc6 3. d4 exd4 4. Nxd4 Bc5 5. Be3 Qf6 6. c3 Nge7 7. Bc4 Nxd4 8. Bxd4 Bxd4 9. Qxd4 Qxd4 10. cxd4 Nc6
11. d5 Ne5 12. Be2 d6 13. Nc3 Bd7 14. O-O-O O-O-O 15. f4 Ng6 16. g3 f6 17. Rhe1 Rhe8 18. Bb5 Bxb5 19. Nxb5 a6 20. Nd4 Kb8
21. Ne6 Rd7 22. Kd2 Nf8 23. Nxf8 Rxf8 24. Kd3 Re8 25. Kd4 Rde7 26. Rd3 c5+ 27. dxc6 bxc6 28. g4 d5 29. Rde3 dxe4 30. Rxe4 Rxe4+
31. Rxe4 Rxe4+ 32. Kxe4 Kc7 33. Kf5 Kd6 34. h4 Kd5 35. h5 c5 36. h6 g6+ 37. Kxf6 Ke4 38. f5 gxf5 39. gxf5 c4 40. Ke6
1-0

[Event "Spring Tournament 2015"]
[Site "SchemingMind.com"]
[Date "2015.02.11"]
[Round "-"]
[White "Phillip Beckett"]
[Black "David Perna-Fraser"]
[Result "0-1"]
[WhiteCountry "ENG"]
[BlackCountry "CAN"]
[WhiteElo "1541"]
[WhiteRD "49"]
[BlackElo "2265"]
[BlackRD "58"]
[GameID "374628"]

1. e4 e5 2. Nf3 Nf6 3. Nxe5 d6 4. Nf3 Nxe4 5. Qe2 Qe7 6. d3 Nf6 7. Bg5 Be6 8. Nc3 h6 9. Bh4 g5 10. Bg3 Nc6
11. O-O-O g4 12. Nh4 O-O-O 13. a3 Bg7 14. f3 Nd7 15. fxg4 Bxc3 16. bxc3 d5 17. Kb2 Nc5 18. Nf3 Na4+ 19. Ka2 Nxc3+
0-1

[Event "Spring Tournament 2015"]
[Site "SchemingMind.com"]
[Date "2015.02.12"]
[Round "-"]
[White "David Perna-Fraser"]
[Black "Phillip Beckett"]
[Result "1-0"]
[WhiteCountry "CAN"]
[BlackCountry "ENG"]
[WhiteElo "2265"]
[WhiteRD "58"]
[BlackElo "1541"]
[BlackRD "49"]
[GameID "374629"]

1. e4 e5 2. Nf3 Nc6 3. Bc4 Nf6 4. Ng5 Bc5 5. Bxf7+ Ke7 6. Bb3 Rf8 7. O-O d6 8. Nc3 Bg4 9. Nd5+ Nxd5 10. Qxg4 Qd7
11. Qxd7+ Kxd7 12. Bxd5 Nd4 13. Nxh7 Rh8 14. Ng5 Ne2+ 15. Kh1 c6 16. Be6+ Ke7 17. Bg4 Raf8 18. Bxe2
1-0

[Event "Spring Tournament 2015"]
[Site "SchemingMind.com"]
[Date "2015.02.11"]
[Round "-"]
[White "Phillip Beckett"]
[Black "Hermeneutics"]
[Result "0-1"]
[WhiteCountry "ENG"]
[BlackCountry "UKR"]
[WhiteElo "1569"]
[WhiteRD "46"]
[BlackElo "2036"]
[BlackRD "115"]
[GameID "374630"]

1. e4 e6 2. d4 d5 3. Nd2 Nf6 4. exd5 exd5 5. Ngf3 Bd6 6. Bd3 O-O 7. O-O Bg4 8. h3 Bh5 9. Re1 Nc6 10. c3 Ne7
11. Qc2 Bg6 12. Nf1 Bxd3 13. Qxd3 Ng6 14. Bg5 h6 15. Bd2 Ne4 16. Ne3 c6 17. Rad1 Nf4 18. Qc2 Qf6 19. Bc1 Nxh3+ 20. Kf1 Nhxf2
21. Rd2 Nxd2+ 22. Nxd2 Nd3+ 23. Ke2 Nxe1 24. Kxe1 Bg3+ 25. Kd1 Qf2 26. Nf3 Qxc2+ 27. Kxc2 Rfe8 28. Nf5 Re2+ 29. Kd1 Rxg2
0-1

[Event "Spring Tournament 2015"]
[Site "SchemingMind.com"]
[Date "2015.02.11"]
[Round "-"]
[White "Hermeneutics"]
[Black "Phillip Beckett"]
[Result "1-0"]
[WhiteCountry "UKR"]
[BlackCountry "ENG"]
[WhiteElo "2031"]
[WhiteRD "133"]
[BlackElo "1566"]
[BlackRD "46"]
[GameID "374631"]

1. d4 d5 2. c4 e6 3. Nc3 Nf6 4. cxd5 Nxd5 5. e4 Nxc3 6. bxc3 c5 7. Rb1 cxd4 8. cxd4 Qa5+ 9. Bd2 Qxa2 10. Bb5+ Bd7
11. Bxd7+ Nxd7 12. Rxb7 Ba3 13. Rxd7 Kxd7 14. Qa4+ Kd8 15. Ba5+ Kc8 16. Qc6+ Kb8 17. Qc7#
1-0